Регионална библиотека "Любен Каравелов" - Русе

Финансов мениджмънт в бизнеса (фирмен, банков) (Запис номер 17666)

MARC детайли
000 -Лидер
Контролно поле с фиксирана дължина 02352nam a2200445 c 4500
003 - Код на организацията, давaща контролен номер
Контролно поле BLK
005 - Дата и час на последна редакция
Контролно поле 20200311091603.0
008 - Елементи от данни с фиксирана дължина
fixed length control field 180413b bul|||||r ||||||| ||bul||
010 ## - Наследен системен номер
LC control number KNG00019641000
020 ## - Международен стандартен номер на книга ISBN
Международен стандартен номер на книга ISBN 954-568-037-7
040 ## - Източник на каталожния запис
Идентификатор на билиотеката - собственик на записа BLK
041 ## - Код за език
Код за езика на текст/звукозапис или на отделно заглавие Български
Код за езика КДБФ Български
080 ## - УДК
Текстов определител УДК Методи на управление. Мениджмънт. Анализи, планиране, ръководство, сътрудничество, контрол, коопериране и др.
УДК код - определител по УДК 005.5
УДК определител (075.8)
УДК - код + определител 005.5(075.8)
080 ## - УДК
Текстов определител УДК Форми на предприятията в зависимост от отношението към собствеността...
УДК код - определител по УДК 334.72
УДК определител .008(075.8)
УДК - код + определител 334.72.008(075.8)
080 ## - УДК
Текстов определител УДК Финанси на стопанските организации (вкл. финансиране и управление на финансите). Финанси на стопанския сектор
УДК код - определител по УДК 336.6
УДК определител (075.8)
УДК - код + определител 336.6(075.8)
080 ## - УДК
Текстов определител УДК Пари. Банково дело. Борса. Валутен борд. Вж и 347.73 ; 368
УДК код - определител по УДК 336.7
УДК определител (075.8)
УДК - код + определител 336.7(075.8)
100 1# - Редна дума - Автор
Автор Данаилов, Данаил Лазаров
Авторска отговорност първи автор
R(LIN) 250751
139 ## - Редно поле
Редна дума Данаилов, Данаил Лазаров
Авторски знак Дана - Д 17
245 10 - Сведения за заглавието
Заглавие Финансов мениджмънт в бизнеса (фирмен, банков)
Подзаглавни данни Учебник за студентите от УНСС - София
Редно поле (дума) Данаил Лазаров Данаилов.
250 ## - Област на изданието
Сведения за изданието 2. доп. и прераб. изд.
257 ## - Страна на издаване
Страна на създаване/издаване България
260 ## - Област на издателските данни
Име на издателя, разпространителя и проч. Люрен
Година на издаване 1996
300 ## - Физическа характеристика
Страници 304 с.
Илюстрации и др. със сх., табл.
Размери/Мащаб 20 см
380 ## - Жанр
Жанр Общ отдел
500 ## - Общи забележки
Забележка 1 000 тир.
650 #4 - Допълнително описание по предмет – тема
Основно описание – тема или топоним Фирми - финанси - управление
9 (RLIN) 249961
650 #4 - Допълнително описание по предмет – тема
Основно описание – тема или топоним Управление - финансова дейност - фирми
9 (RLIN) 244592
650 #4 - Допълнително описание по предмет – тема
Основно описание – тема или топоним Бизнес - учебници за ВУЗ
9 (RLIN) 252648
650 #4 - Допълнително описание по предмет – тема
Основно описание – тема или топоним Банково дело - учебници за ВУЗ
9 (RLIN) 252649
653 ## - Ключова дума – ненормативна
Ключова дума мениджмънт
653 ## - Ключова дума – ненормативна
Ключова дума управление
653 ## - Ключова дума – ненормативна
Ключова дума банки
653 ## - Ключова дума – ненормативна
Ключова дума фирми
653 ## - Ключова дума – ненормативна
Ключова дума учебници за ВУЗ
852 ## - Местоположение
Форматна сигнатура Цб 194144
856 4# - Електронен адрес и достъп
Електронен формат pdf - файл
Път до файла /url/
856 4# - Електронен адрес и достъп
Електронен формат pdf - файл
Път до файла /url/
999 ## - СИСТЕМНИ КОНТРОЛНИ НОМЕРА
Koha biblionumber 17666
Koha biblioitemnumber 17666
942 ## - АРТИКУЛИ
Вид на библиотечния материал Книги
Скрит в OPAC Не
Периодичен библиозапис Да
944 ## - СЪЗДАВАНЕ И РЕДАКЦИЯ на ЗАПИСА
Създаване/Редакция Създаване
Дата на регистрацията/редакция 10.04.2003
Служител, извършил регистрацията/редакцията Людмила_Стоянова
944 ## - СЪЗДАВАНЕ И РЕДАКЦИЯ на ЗАПИСА
Създаване/Редакция Редакция
Дата на регистрацията/редакция 28.09.2016
Служител, извършил регистрацията/редакцията Кети_Илиева
999 ## - СИСТЕМНИ КОНТРОЛНИ НОМЕРА
Koha biblioitemnumber 17666
Наличности
Код за отписване Код за изгубен артикул Източник на класификационната схема Код за повреда Коз за рестрикции Код за отдаване Артикулен № Име на библиотеката - собственик Име на библиотеката, в която се намира в момента Статус (Текущо местоположение) Дата на вписване в системата Местоположение - отдел Цена в лева Инвентарен номер Систематично азбучна сигнатура Баркод Номер на екземпляра Цена в евро Служебна бележка Служебен тип на артикула
  Не е изгубен Universal Decimal Classification Не е повреден без рестрикции заемане за дома 29776 Регионална библиотека "Любен Каравелов" Русе Регионална библиотека "Любен Каравелов" Русе Заемна - подръчен фонд 2001-01-01 Заемна - подръчен фонд 3.90 635739 005.5/Д 17 120000635739 1 1.99 Дост: Pk Вид: Ф N: стар фонд Дата: 01.01.1996 Дата инв: 06.02.2018 Бележки инв: П2018 Книги
  Не е изгубен Universal Decimal Classification Не е повреден без рестрикции ползва се в читалня 29777 Регионална библиотека "Любен Каравелов" Русе Регионална библиотека "Любен Каравелов" Русе Хранилище 2001-01-01 Хранилище 0.00 637445 Цб 194144 120000637445 2 0.00 Дост: Dp Вид: Д N: стар фонд Дата: 01.01.1996 Книги
Изтеглен Не е изгубен Universal Decimal Classification Не е повреден без рестрикции заемане за дома 29778 Регионална библиотека "Любен Каравелов" Русе Регионална библиотека "Любен Каравелов" Русе Заемна - подръчен фонд 2001-01-01 Заемна - подръчен фонд 7.00 642392 П 65.012/Д 17 642392 3 3.58 Дост: Pk Вид: Ф N: стар фонд Дата: 01.01.1996 Книги
Vip Innovations Ltd, Rousse, Bulgaria 2025